100 KPOP GROUPS ♡ 1st-5th gen - Statistics

General Stats
  • This quiz has been taken 28 times
  • The average score is 42 of 100
Answer Stats
% Correct
Block B
95%
BTS
91%
ITZY
77%
Stray Kids
77%
BIGBANG
73%
EXO
73%
Wonder Girls
73%
aespa
68%
ENHYPEN
68%
i-dle
68%
ILLIT
68%
IVE
68%
IZ*ONE
68%
Kep1er
68%
NCT
68%
TXT
68%
Wanna One
68%
2NE1
64%
ASTRO
64%
Brown Eyed Girls
64%
Hearts2Hearts
64%
NMIXX
64%
Red Velvet
64%
SUPER JUNIOR
64%
TWICE
64%
Brave Girls
59%
GOT7
59%
P1Harmony
59%
SEVENTEEN
59%
ZEROBASEONE
59%
2PM
55%
BTOB
55%
CORTIS
55%
LE SSERAFIM
55%
MAMAMOO
55%
New Jeans
55%
RIIZE
55%
SHINee
55%
TREASURE
55%
ATEEZ
50%
f(x)
50%
KiiiKiii
50%
LOONA
50%
CRAVITY
45%
fromis_9
45%
KARA
45%
MOMOLAND
45%
PENTAGON
45%
SNSD
45%
TVXQ!
45%
GFRIEND
41%
MONSTA X
41%
TWS
41%
WINNER
41%
xikers
41%
Billlie
36%
KARD
36%
MEOVV
36%
SISTAR
36%
STAYC
36%
T-ARA
36%
&TEAM
36%
Xdinary Heroes
36%
AOA
32%
Dreamcatcher
32%
NU'EST
32%
ONEUS
32%
S.E.S.
32%
VIXX
32%
4Minute
27%
82MAJOR
27%
ARTMS
27%
EXID
27%
H.O.T.
27%
EVERGLOW
23%
miss A
23%
THE BOYZ
23%
WJSN
23%
XLOV
23%
9MUSES
18%
A.C.E
18%
RESCENE
18%
SHINHWA
18%
Loosemble
14%
Lovelyz
14%
PRISTIN
14%
AMPERS&ONE
9%
FIFTY FIFTY
9%
ifeye
9%
NATURE
9%
OMEGA X
9%
VICTION
9%
Blady
5%
Boys Republic
5%
HELLOVENUS
5%
JUSTB
5%
KNK
5%
SF9
5%
woo!ah!
5%
GWSN
0%
No matching quizzes found
Score Distribution
Percent of People with Each Score
Percentile by Number Answered
Your Score History
You have not taken this quiz